|
|
|
|
| LEADER |
00000cas a2200000 a 4500 |
| 001 |
vtls010298245 |
| 003 |
SK-MaSNL |
| 005 |
20260228162718.0 |
| 008 |
110809d19361937xo wr|ne 0 b0slo |
| 040 |
|
|
|a SNK
|b slo
|c SNK
|e AACR2
|
| 041 |
0 |
|
|a slo
|
| 044 |
|
|
|a xo
|c SK
|
| 072 |
|
7 |
|a 316.7
|x Sociológia kultúry. Kultúrny život
|2 konspekt
|
| 080 |
|
|
|a 316.728
|2 2011
|
| 080 |
|
|
|a 050
|2 2001
|
| 080 |
|
|
|a (051)+(054)(437.6)
|2 2011
|
| 245 |
0 |
0 |
|a Horský náš kraj
|b spoločenský, hospodársky a nepolitický týždenník okresu kremnického
|
| 260 |
|
|
|a Kremnica
|b Ján Puskailer
|c 1936-1937
|
| 300 |
|
|
|a 2 zv.
|c 35-42 cm
|
| 310 |
|
|
|a 1x týždenne
|
| 362 |
0 |
|
|a Roč. II, č. 4 (25.1.1936)-roč. III, č. 52 (1937)
|
| 500 |
|
|
|a Od 12/1936 rozmer zv. 38 cm, od 1/1937 42 cm
|
| 500 |
|
|
|a Tlač.: Kníhtlačiareň Smolnický a Bašťovánský
|
| 500 |
|
|
|a Predchádzajúci titul: Náš kraj
|
| 500 |
|
|
|a Zodp. red.: Ján Puskailer
|
| 650 |
0 |
7 |
|a spoločenský život
|2 SNKPH
|9 28654
|
| 655 |
|
7 |
|a regionálne periodiká
|2 SNKPH
|9 131775
|
| 700 |
1 |
|
|a Puskailer, Ján
|4 Iso
|4 pbl
|9 271892
|
| 780 |
0 |
0 |
|t Náš kraj
|
| 910 |
|
|
|a snk
|
| 999 |
|
|
|c 8237
|d 10167
|
| 952 |
|
|
|0 0
|1 0
|4 0
|7 0
|a SNK
|b SNK
|d 2000-10-04
|l 0
|o snkČSA 980/2/1936
|p 17A0252992
|r 2005-01-02 00:00:00
|w 2026-02-21
|y PREZ
|
| 952 |
|
|
|0 0
|1 0
|4 0
|7 0
|a SNK
|b SNK
|d 2000-10-04
|l 0
|o snkČSA 980/3/1937
|p 17A0252974
|r 2005-01-02 00:00:00
|w 2026-02-21
|y PREZ
|